| 000 | 00627nam a2200205Ia 4500 | ||
|---|---|---|---|
| 003 | GCL | ||
| 008 | 140319s9999 xx 000 0 ara d | ||
| 040 |
_aGCL / _cGCL |
||
| 082 | 0 | 4 |
_a937.06 _bل م |
| 100 | 1 | _aحسين الشيخ (مترجم) | |
| 245 | 1 | 0 |
_aمحاضرات فى تاريخ الرومان وحضارتهم / _cحسين الشيخ (مترجم) |
| 700 | 1 | _aلطفى عبدالوهاب | |
| 300 | _a209 | ||
| 490 |
_aكتاب _v0 |
||
| 650 | 0 | 4 | _aتاريخ |
| 650 | 0 | 4 | _aاباطرة الرومان |
| 650 | 0 | 4 | _aالامبراطورية الرومانية |
| 650 | 0 | 4 | _aايطاليا |
| 942 |
_2ddc _cBK |
||
| 999 |
_c41221 _d41221 |
||